Speed Typing Quiz - Spain - Statistics

General Stats
  • This quiz has been taken 52 times
  • The average score is 10 of 10
Answer Stats
Hint Answer % Correct
The producer of 43.8% of the world's olive oil Spain
100%
Controls the Canary Islands Spain
100%
"The Land of Rabbits" Spain
100%
Country bordering Portugal Spain
100%
Catalonia and Basque Country are parts of this nation Spain
100%
3rd most populous Spanish-speaking country Spain
98%
Capital is Madrid Spain
95%
European country bordering Morocco Spain
90%
Home to the oldest restaurant in the world Spain
90%
Xavi Hernandez and Andres Iniesta hail from this country Spain
85%
No matching quizzes found
Score Distribution
Percent of People with Each Score
Percentile by Number Answered
Your Score History
You have not taken this quiz